000 00637nam a22001817a 4500
008 250619t |||d|||| |||| 00| 0 spa d
020 _a9786280109756
040 _aCO-JMCR
_cCO-JMCR
_dCO-JMCR
_bspa
_erda
041 0 _aspa
082 0 4 _223
_a382.4
_b L33c
100 1 _aLa Rorta, Rodolfo,
_944175
245 1 0 _aColombia floreciendo :
_b50 años de floricultura colombiana 1972-2023 /
_cRodolfo La Rota,
260 _aBogotá:
_bPanamericana formas e impresos S.A.,
_c2023.
264 _bPropagar plantas S.A.S.
_c©2023.
300 _a243 páginas :
_bgráficas ;
_c24 cm.
700 1 _aLa Rota Rodolfo
_9179780
999 _c31011
_d17395